Ekonomika ťažobných a dopravných prác v lesníctve odborná výberová anotovaná bibliografia
Salvato in:
| Autore principale: | |
|---|---|
| Natura: | Libro |
| Lingua: | slovacco |
| Pubblicazione: |
Zvolen
Štátna vedecká knižnica
1975
|
| Tags: |
Nessun Tag, puoi essere il primo ad aggiungerne!!
|
MARC
| LEADER | 00000nam a2200000 4500 | ||
|---|---|---|---|
| 001 | 0222403 | ||
| 005 | 20240822101701.0 | ||
| 041 | 0 | |a slo | |
| 044 | |a SK | ||
| 245 | 1 | 0 | |a Ekonomika ťažobných a dopravných prác v lesníctve |b odborná výberová anotovaná bibliografia |c Elena Žihlavníková |
| 264 | 1 | |a Zvolen |b Štátna vedecká knižnica |c 1975 | |
| 300 | |a 105 s. | ||
| 100 | 1 | |a Žihlavníková, Elena | |